Mitos, leyenda, historia / Mauricio Obregón
Spremljeno u:
| Glavni autor: | |
|---|---|
| Format: | Knjiga |
| Jezik: | Undetermined |
| Izdano: |
Bogotá, Colombia
Instituto Caro y Cuervo
2011
|
| Teme: | |
| Oznake: |
Dodaj oznaku
Bez oznaka, Budi prvi tko označuje ovaj zapis!
|
MARC
| LEADER | 00000nam a2200000Ia 4500 | ||
|---|---|---|---|
| 008 | 170316s9999 xx 000 0 und d | ||
| 090 | |a 291 O-1m | ||
| 100 | |a Obregón, Mauricio | ||
| 245 | |a Mitos, leyenda, historia / Mauricio Obregón | ||
| 260 | |a Bogotá, Colombia | ||
| 260 | |b Instituto Caro y Cuervo | ||
| 260 | |c 2011 | ||
| 300 | |a 220 páginas | ||
| 650 | |a MITOLOGÍA | ||
| 650 | |a MITOS | ||
| 650 | |a LEYENDAS | ||
| 650 | |a HISTORIA | ||
| 650 | |a GRIEGOS Y POLINESIOS | ||
| 650 | |a VIAJES ÉPICOS | ||
| 650 | |a MUNDO MICÉNICO | ||
| 650 | |a HEROÉS | ||
| 650 | |a DIOSES | ||
| 650 | |a ARGONAÚTICA | ||
| 650 | |a ODISEA | ||
| 999 | |c 30402 |d 30402 | ||
| 040 | |a cru BVZT | ||
| 942 | |c 15 D |h 291 O-1m |2 z | ||
